|
|
|
|
| LEADER |
01049nam a2200385 4500 |
| 001 |
DLU040026540 |
| 005 |
##20021230 |
| 040 |
# |
# |
|a DLU
|b vie
|
| 041 |
# |
# |
|a vie
|
| 044 |
# |
# |
|a vn
|
| 082 |
# |
# |
|a 540
|b LE-H
|
| 100 |
# |
# |
|a Lê Thị Hải
|
| 245 |
# |
# |
|a Xác định đồng, kẽm, chì, cadimi, thủy ngân và iôt trong một số mẫu nước Đà Lạt /
|c Lê Thị Hải
|
| 260 |
# |
# |
|a Đà Lạt :
|b Trường Đại học Đà Lạt,
|c 2001
|
| 300 |
# |
# |
|a 65,[20] tr. ;
|c 29 cm
|
| 504 |
# |
# |
|a Tài liệu tham khảo : tr. 65
|
| 653 |
# |
# |
|a Đà Lạt
|
| 653 |
# |
# |
|a Đồng
|
| 653 |
# |
# |
|a Ô nhiễm nước
|
| 653 |
# |
# |
|a Cadimi
|
| 653 |
# |
# |
|a Chì
|
| 653 |
# |
# |
|a Iôt
|
| 653 |
# |
# |
|a Kẽm
|
| 653 |
# |
# |
|a Mẫu nước
|
| 653 |
# |
# |
|a Thủy ngân
|
| 915 |
# |
# |
|a Hoá học.
|b B2001-29-06,
|c Đề tài nghiên cứu khoa học cấp bộ
|
| 992 |
# |
# |
|a 0
|
| 994 |
# |
# |
|a DLU
|
| 900 |
# |
# |
|a True
|
| 911 |
# |
# |
|a Thái Thị Thanh Thủy
|
| 925 |
# |
# |
|a G
|
| 926 |
# |
# |
|a A
|
| 927 |
# |
# |
|a LA
|
| 980 |
# |
# |
|a Thư viện Trường Đại học Đà Lạt
|